| 000 | 00546nam a2200193Ia 4500 | ||
|---|---|---|---|
| 003 | GCL | ||
| 005 | 20240530100403.0 | ||
| 008 | 140319s9999 xx 000 0 eng d | ||
| 040 |
_aGCL / _cGCL |
||
| 082 | 0 | 4 |
_a780.030 _bG T |
| 100 | 1 | _aGRIFFITHS, PAUL | |
| 245 | 1 | 0 |
_aTHE THAMES AND HUDSOM ENCYCLOPAEDIA OF 20TH CENTURY MUSIC. / _cGRIFFITHS, PAUL |
| 260 |
_a[S.N] : _bTHAMES AND HUDSON ، _c1992 |
||
| 300 | _a207 | ||
| 650 | 0 | 4 | _aالبنوك-النقود |
| 650 | 0 | 4 | _aENCYCLOPEDIAS AND DICTIONARIES |
| 650 | 0 | 4 | _aMUSIC |
| 942 |
_2ddc _cBK |
||
| 999 |
_c17217 _d17217 |
||